Tricky State Capital Click Quiz Stats

 Plays Quiz Updated Oct 13, 2014

Also try: States by Capital
Challenge
Share
Tweet
Embed
Score 0/30 Timer 02:00
21 Plays Today
% Correct
???
50.6%
???
49.8%
???
49.4%
???
48.9%
???
48%
???
47.8%
???
47.3%
???
47.2%
???
46.9%
???
46.8%
???
46.5%
???
46.1%
???
45.7%
???
45.5%
???
45%
% Correct
???
45%
???
44.7%
???
44.6%
???
44.4%
???
44.2%
???
44.1%
???
43.4%
???
43.2%
???
43.2%
???
43%
???
42.4%
???
41.8%
???
41.5%
???
36.1%
???
35.7%

You're not logged in!

Compare scores with friends on all Sporcle quizzes.
Join for Free
OR
Log In

You Might Also Like...

Show Comments

Extras

Top Quizzes Today


Score Distribution

Your Account Isn't Verified!

In order to create a playlist on Sporcle, you need to verify the email address you used during registration. Go to your Sporcle Settings to finish the process.

Report this User

Report this user for behavior that violates our Community Guidelines.

Details: